LEADER 01204nam a2200265 4500 001 000000358890 003 CaOOAMICUS 005 20240716103029.0 008 240716s2021 xxk 000 u eng r 020 $a978-1-108-45445-2 040 $aSeMil$bita 245 04$aThe Cambridge companion to the Apostolic Fathers /$cedited by Michael F. Bird, Scott D. Harrower. 264 1$aCambridge [etc.] :$bCambridge University Press,$c2021. 300 $axiii, 372 p. ;$c23 cm 490 1 $aCambridge companions to religion 650 4$aPadri Apostolici.$0(OLS)http://semarc/subject/1669 700 1 $aHarrower, Scott D.$0(OLS)http://semarc/name/119946 700 1 $aBird, Michael F.,$d<1974- >.$0(OLS)http://semarc/name/119945 830 4$aThe Cambridge companion to.$0(OLS)http://semarc/title/453007 850 $aSeMil 852 $aSeMil$W1$xVenegono$y1$m2YA F 4$j254665$B249954$CSeMilBibl$Z2$F249954 $81 996 $6020$a978-1-108-45445-2$9(OLS)http://semarc/number/300676 996 $6245$aThe Cambridge companion to the Apostolic Fathers$9(OLS)http://semarc/title/449287 996 $6264$aCambridge [etc.] :$bCambridge University Press$9(OLS)http://semarc/publisher/37850 LEADER 01004nas a2200253 i 4500 001 000000137127 003 CaOOAMICUS 005 20190401103402.0 008 050505b2004 ne uu u0 0mul r 013 $a110864 040 $aSeMil$bita 245 10$a[2004 : November]. 260 $aLeiden ; Boston :$bBrill,$ccopyr. 2004. 300 $aP. [363]-479, [8] p. ;$c24 cm. 500 $aArticoli con sintesi in inglese [Summary] in testa. - Frontespizio del Vol. 35. in coda al fascicolo. 700 1 $aGarcía Martínez, Florentino.$0(OLS)http://semarc/name/7516 773 0 $tJournal for the Study of Judaism.$dLeiden : Brill $x0047-2212$w()2390 774 0 $t[vedi periodico].$w()260929 850 $aSeMil 852 $aSeMil$W1$xVenegono$y1$m239 1 41$j90690$B90690$CSeMilBibl$Z2$F98044 $85 961 $aAbbonamento: Brill 996 $6245$a[2004 : November]$9(OLS)http://semarc/title/200357 996 $6260$aLeiden ; Boston :$bBrill$9(OLS)http://semarc/publisher/39473